000 00375cam a22001217a 4500
008 180718b1975 xxu||||| |||| 00| 0 eng d
082 _aW4 Eu72
245 _aEconomic problems of traffic peaks
_cBy ECMT
260 _aParis
_bEuropean conference of ministers of transport
_c1975
300 _a75p.
650 _aCity traffic -- Congresses
650 _aTraffic flow -- Congresses
999 _c414131
_d414131